Guess That Conan Gray Song!!! Vol 6 - Statistics

General Stats
  • This quiz has been taken 44 times
  • The average score is 111 of 182
Answer Stats
LYRICS % Correct
You
100%
you
100%
the
96%
The
96%
your
92%
Your
92%
me
88%
on
84%
It
80%
it
80%
when
80%
When
80%
And
76%
and
76%
love
72%
You're
72%
for
68%
is
68%
like
68%
of
68%
in
64%
Oh,
64%
to
64%
all
60%
don't
60%
have
60%
as
56%
But
56%
reminds
56%
with
56%
feel
52%
I'll
52%
really
52%
Aren't
48%
aren't
48%
child
48%
child.
48%
color
48%
Even
48%
favorite
48%
green
48%
green?
48%
lying,
48%
summer
48%
sun,
48%
sun
48%
was
48%
way
48%
act
44%
cover
44%
dark
44%
drives
44%
flowers
44%
goes
44%
just
44%
kiss
44%
laugh
44%
pretty?
44%
Running
44%
scared
44%
see
44%
sleep
44%
street.
44%
three
44%
through
44%
too
44%
turned
44%
up
44%
wild
44%
arms
40%
busy
40%
degree
40%
eyes
40%
hug
40%
hundred
40%
sleeves
40%
watch
40%
wind
40%
awfully
36%
care
36%
dance
36%
everybody
36%
father
36%
mean
36%
mild
36%
missing,
36%
sprinklers
36%
sway
36%
take
36%
taking
36%
those
36%
weeds
36%
yourself?
36%
behind
32%
darkness
32%
deep?
32%
heat.
32%
oceans
32%
smile.
32%
there's
32%
trees
32%
weep.
32%
No matching quizzes found
Score Distribution
Percent of People with Each Score
Percentile by Number Answered
Your Score History
You have not taken this quiz